[Event "COL-ch deaf 2nd"]
[Site "Cali"]
[Date "2008.??.??"]
[Round "2.13"]
[White "Trejos, Fernando"]
[Black "Giraldo, Carlos Arturo"]
[Result "0-1"]
[WhiteElo "1600"]
[BlackElo "1600"]
[PlyCount "31"]
[EventDate "2008.10.25"]
[EventType "tourn"]
[EventRounds "7"]
[EventCountry "COL"]
[SourceTitle "EXT 2024"]
[Source "ChessBase"]
[SourceDate "2023.10.10"]
[SourceVersion "1"]
[SourceVersionDate "2023.10.10"]
[SourceQuality "1"]

1. e4 e5 2. Nf3 Nc6 3. Nc3 Bc5 4. Bb5 Qf6 5. Nd5 Qd8 6. d3 h6 7. 0-0 a6 8. Bxc6 dxc6 9. Nc3 Bd6 10. Be3 f5 11. exf5 Bxf5 12. d4 Qf6 13. d5 c5 14. Qd2 0-0-0 15. a3 Be7 16. Na4 0-1

[Event "COL-ch deaf 2nd"]
[Site "Cali"]
[Date "2008.??.??"]
[Round "4.12"]
[White "Trejos, Fernando"]
[Black "Polo, Alberto"]
[Result "1-0"]
[WhiteElo "1600"]
[BlackElo "1600"]
[PlyCount "46"]
[EventDate "2008.10.25"]
[EventType "tourn"]
[EventRounds "7"]
[EventCountry "COL"]
[SourceTitle "EXT 2024"]
[Source "ChessBase"]
[SourceDate "2023.10.10"]
[SourceVersion "1"]
[SourceVersionDate "2023.10.10"]
[SourceQuality "1"]

1. e4 d5 2. e5 Be6 3. Nf3 h6 4. Be2 Nc6 5. d4 Bf5 6. Bb5 Qd7 7. Bf4 g5 8. Be3 a6 9. Bxc6 Qxc6 10. 0-0 0-0-0 11. Nc3 g4 12. Nd2 h5 13. h4 Qg6 14. Qe1 Bxc2 15. b3 Bd3 16. Na4 f6 17. e6 Rd6 18. Nc5 Bxf1 19. Qxf1 Qc2 20. Rc1 Qb1 21. Bf4 Rc6 22. a4 Bh6 23. Nd3 Qxd3 1-0